Central Library OPAC University of Rajshahi

COLLECTED WORKS / (Record no. 77340)

MARC details
000 -LEADER
fixed length control field 01014nam a2200325 a 4500
001 - CONTROL NUMBER
control field 77340
003 - CONTROL NUMBER IDENTIFIER
rucl marc code BD-RjUL
005 - DATE AND TIME OF LATEST TRANSACTION
control field 20211209082948.0
008 - FIXED-LENGTH DATA ELEMENTS--GENERAL INFORMATION
fixed length control field 200316s1966 ie c 000 0 eng
035 ## - SYSTEM CONTROL NUMBER
System control number BDRjUL)77565
040 ## - CATALOGING SOURCE
Original cataloging agency DLC
Transcribing agency FDA
Modifying agency FDA
-- m.c
Language of cataloging eng
041 ## - LANGUAGE CODE
Language code of text/sound track or separate title eng
082 ## - DEWEY DECIMAL CLASSIFICATION NUMBER
Edition number 23
Classification number 821.8
Author mark and year SYC 1966
092 ## - LOCALLY ASSIGNED DEWEY CALL NUMBER (OCLC)
Classification number D0400085505
100 1# - MAIN ENTRY--PERSONAL NAME
Personal name Synge, J. M.
Fuller form of name (John Millington),
Dates associated with a name 1871-1909.
9 (RLIN) 240933
245 14 - TITLE STATEMENT
Title COLLECTED WORKS /
Statement of responsibility, etc. John M. Synge ; edited by Alan price
260 ## - PUBLICATION, DISTRIBUTION, ETC. (IMPRINT)
Place of publication, distribution, etc. London :
Name of publisher, distributor, etc. Oxford University press,
Date of publication, distribution, etc. 1966
300 ## - PHYSICAL DESCRIPTION
Pagination V. :
Illustrations front. (ports.) ;
Size 23 cm
505 ## - FORMATTED CONTENTS NOTE
Formatted contents note Vol.2. prose.--
650 ## - SUBJECT ADDED ENTRY--TOPICAL TERM
Topical term or geographic name as entry element English
Form subdivision poetry
9 (RLIN) 240934
700 ## - ADDED ENTRY--PERSONAL NAME
Personal name Price, Alan
942 ## - ADDED ENTRY ELEMENTS (KOHA)
Source of classification or shelving scheme Dewey Decimal Classification
Koha item type Books
Holdings
Lost status Source of classification or shelving scheme Damaged status Not for loan Collection code Permanent Location Current Location Shelving location Date acquired Source of acquisition Cost, normal purchase price Total Checkouts Full call number Date last seen Copy number Koha item type
  Dewey Decimal Classification     Non-fiction Central Library, University of Rajshahi Central Library, University of Rajshahi   21/08/1970 Zeitlinger 70.00   821.8 SYC V-2 16/03/2020 C-4 Books